000
00247nam a2200097Ia 4500
001
1145314
005
20250827010230.0
008
250824s9999 xx 000 0 und d
245
0
_a
AYET AYET İNSAN
_c
YAVUZ BAHADIROĞLU
260
_b
PANAMA YAYINLARI
999
_c
1145314
_d
1145314